| 000 | 00414nam a22001577a 4500 | ||
|---|---|---|---|
| 005 | 20251108164830.0 | ||
| 008 | 250721s1983 xx 000 0 ara d | ||
| 082 | 1 | 4 | _a616.462/شام |
| 100 | 1 | _aمعروف، شامل إبراهيم | |
| 245 | 1 | 0 | _aالسكري / |
| 264 | 1 |
_aبيروت : _bمؤسسة نوفل، _c1983. |
|
| 300 | _a220ص | ||
| 650 | 1 | 7 | _aمرض السكر |
| 942 |
_2ddc _cBK |
||
| 999 |
_c15425 _d15425 |
||